| 000 | 00533nam a22001937a 4500 | ||
|---|---|---|---|
| 008 | 151002b xxu||||| |||| 00| 0 eng d | ||
| 020 | _a0534627234 | ||
| 041 | 0 | _aeng | |
| 080 | _a17.023.36 | ||
| 245 | 1 | 0 |
_aWestern civilization: _cJackson J. Spielvogel. |
| 250 | _a3rd. ed. | ||
| 260 |
_a`USA: _bThomson learning, Inc _c2005. |
||
| 300 |
_a592 f.: _bme il.; _c28 cm. _eCD; ISBN: 9781418848255 |
||
| 650 | 0 | _aCivilizimi | |
| 650 | 0 | _aPerfeksionimi | |
| 650 | 0 | _aProgresi | |
| 650 | 0 | _aKultura | |
| 942 |
_2udc _cBK |
||
| 999 |
_c1212 _d1212 |
||